| 000 | 00850cam a2200277 a 4500 | ||
|---|---|---|---|
| 003 | CHAP | ||
| 005 | 20220329142339.0 | ||
| 008 | 000830c1998 mx a r 00010 spa d | ||
| 010 | _a82126 | ||
| 011 | _a83098 | ||
| 035 | _a93607 | ||
| 040 | _cCHAP | ||
| 090 | _aR-3701 | ||
| 100 | 0 | 0 |
_aRzedowski Rotter, Jerzy. _9101052 |
| 245 | 1 | 0 | _aDos especies nuevas de fanerógamas calcífilas del centro de México |
| 500 | _aSobretiro de: Boletín IBUG 5 (1-3) 61-88, 1998. | ||
| 590 |
_aBATCH-UPD _b10 _c20130110 _lUCH01 _h2042 |
||
| 590 |
_aBATCH-UPD _b10 _c20130410 _lUCH01 _h1356 |
||
| 590 |
_aBATCH-UPD _b10 _c20130914 _lUCH01 _h1340 |
||
| 590 |
_aCONVERSION _b10 _c20130109 _lUCH01 _h1346 |
||
| 650 | 1 | 4 |
_aFanerógamas. _939416 |
| 901 | _aBK | ||
| 905 | _aLilia Sánchez G. | ||
| 942 | _cREIMP | ||
| 949 |
_aR-3701 _bBC _cR _d33724002016678 _eTS1 _i93607 _sb |
||
| 999 |
_c82126 _d82126 |
||